000 00743 a2200217 4500
003 UA-OsUOA
005 20250403160703.0
008 250403b un ||||| |||| 00| 0 ukr d
020 _a9789665795810
040 _bukr
_cUA-OsUOA
080 _a82-1
090 _a82-1
_bП22
100 _aПаска В.
_919618
245 _aОсловлене
_bесе, поезії, мініатюри
_cВолодей Паска
260 _aК.
_bУкраїнський письменник
_c2022
300 _a320 с.
650 _a82-1 Поезія. Поеми. Вірші
942 _cAT
_2udc
955 _a3
999 _c578445
_d578445